| 000 | 00542nam a2200157 a 4500 | ||
|---|---|---|---|
| 001 | 1795 | ||
| 003 | CDMR | ||
| 005 | 20130227125717.0 | ||
| 008 | 130130s2003||||||||||||||||||||||||||||d | ||
| 020 | _a849224822X | ||
| 040 |
_aCDMR _bcat _cCPC GIRONA |
||
| 100 | 1 |
_93019 _aPlanes i Albets, Ramon |
|
| 245 | 1 | 2 |
_aL'Arxiu de la Corona d'Aragó _b: un nou perfil per a l'Arxiu Reial de Barcelona _cRamon Planes i Albets, Laureà Pagarolas i Sabaté, Pere Puig i Ustrell |
| 260 |
_c2003 _bAssociació d'Arxivers de Catalunya _aBarcelona |
||
| 942 |
_cMON _2ddc |
||
| 999 |
_c1795 _d1795 |
||